El gigante egoista y otros cuentos
Uloženo v:
| Hlavní autor: | |
|---|---|
| Médium: | Kniha |
| Jazyk: | španělština |
| Vydáno: |
Santiago
Andrés Bello
1996
|
| Vydání: | 6a. ed |
| Témata: | |
| Tagy: |
Přidat tag
Žádné tagy, Buďte první, kdo vytvoří štítek k tomuto záznamu!
|
MARC
| LEADER | 00000nam a2200000 a 4500 | ||
|---|---|---|---|
| 001 | UCH6968 | ||
| 003 | CL-VaPUC | ||
| 008 | 091109e19960000CL |||||||||||||||||spa|d | ||
| 020 | |a 9561310813 | ||
| 082 | 0 | 4 | |a 823 |b WIL |2 21 |
| 100 | |a Wilde, Oscar |d 1854-1900 |e author |9 347444 | ||
| 245 | 1 | 3 | |a El gigante egoista y otros cuentos |
| 246 | 1 | 3 | |a El fantasma de Canterville |
| 246 | 1 | 3 | |a El cumpleaños de la infanta |
| 250 | |a 6a. ed | ||
| 300 | |a 161 p | ||
| 942 | |c BK | ||
| 945 | |d 20091109 00:00:00 |a lazolas | ||
| 260 | |a Santiago |b Andrés Bello |c 1996 | ||
| 650 | 0 | |a Cuentos ingleses |9 265135 | |
| 583 | |a last modification |c 20091109 00:00:00 |k Rodrigo Vera | ||
| 999 | |c 337751 |d 337749 | ||